BSEs certification on securities market (Record no. 226521)
[ view plain ]
| 000 -LEADER | |
|---|---|
| fixed length control field | 00644nam a22002297a 4500 |
| 005 - DATE AND TIME OF LATEST TRANSACTION | |
| control field | 20230201150345.0 |
| 008 - FIXED-LENGTH DATA ELEMENTS--GENERAL INFORMATION | |
| fixed length control field | 230201b ||||| |||| 00| 0 eng d |
| 040 ## - CATALOGING SOURCE | |
| Transcribing agency | AL |
| 041 ## - LANGUAGE CODE | |
| Language code of text/sound track or separate title | eng |
| 082 ## - DEWEY DECIMAL CLASSIFICATION NUMBER | |
| Edition number | 23 |
| Classification number | 332.63 |
| Item number | BSEB |
| 100 ## - MAIN ENTRY--PERSONAL NAME | |
| Personal name | BSE Training Institute |
| 100 ## - MAIN ENTRY--PERSONAL NAME | |
| 9 (RLIN) | 70516 |
| 245 ## - TITLE STATEMENT | |
| Title | BSEs certification on securities market |
| 260 ## - PUBLICATION, DISTRIBUTION, ETC. | |
| Place of publication, distribution, etc. | Mumbai |
| Name of publisher, distributor, etc. | BSE Training Institute |
| Date of publication, distribution, etc. | 2001 |
| 300 ## - PHYSICAL DESCRIPTION | |
| Extent | vi,180p. |
| Other physical details | PB |
| Dimensions | 23x17cm. |
| 365 ## - TRADE PRICE | |
| Source of price type code | Economics |
| 650 ## - SUBJECT ADDED ENTRY--TOPICAL TERM | |
| Topical term or geographic name entry element | Trading |
| 9 (RLIN) | 70508 |
| 650 ## - SUBJECT ADDED ENTRY--TOPICAL TERM | |
| Topical term or geographic name entry element | BSE Indices |
| 9 (RLIN) | 70509 |
| 650 ## - SUBJECT ADDED ENTRY--TOPICAL TERM | |
| Topical term or geographic name entry element | Indian Securities Market |
| 9 (RLIN) | 70510 |
| 650 ## - SUBJECT ADDED ENTRY--TOPICAL TERM | |
| Topical term or geographic name entry element | BCSM |
| 9 (RLIN) | 70517 |
| 700 ## - ADDED ENTRY--PERSONAL NAME | |
| Personal name | BSE Training Institute |
| 9 (RLIN) | 70507 |
| 942 ## - ADDED ENTRY ELEMENTS (KOHA) | |
| Source of classification or shelving scheme | Dewey Decimal Classification |
| Koha item type | Donated Books |
| Withdrawn status | Lost status | Source of classification or shelving scheme | Damaged status | Not for loan | Collection code | Home library | Current library | Date acquired | Total Checkouts | Full call number | Barcode | Date last seen | Price effective from | Koha item type |
|---|---|---|---|---|---|---|---|---|---|---|---|---|---|---|
| Dewey Decimal Classification | Economics | St Aloysius Library | St Aloysius Library | 05/24/2013 | 332.63 BSEB | D05091 | 02/01/2023 | 02/01/2023 | Donated Books |